Statystyki dla Układ okresowy pierwiastków

Kliknij tutaj aby rozwiązać quiz!

Ogólne statystyki

  • Ten quiz został rozwiązany 25 272 razy
  • Średni wynik to 55 z 118

Statystyki odpowiedzi

#symbolnazwa% Poprawnych
1Hwodór
97%
81Tltal
95%
2Hehel
91%
6Cwęgiel
91%
79Auzłoto
88%
7Nazot
87%
8Otlen
86%
19Kpotas
85%
16Ssiarka
84%
3Lilit
82%
88Rarad
82%
47Agsrebro
82%
26Feżelazo
82%
12Mgmagnez
81%
11Nasod
81%
29Cumiedź
79%
84Popolon
78%
10Neneon
77%
17Clchlor
76%
30Zncynk
76%
5Bbor
75%
9Ffluor
75%
20Cawapń
75%
15Pfosfor
74%
4Beberyl
73%
35BrBrom
73%
50Sncyna
71%
13Alglin
71%
14Sikrzem
70%
18Arargon
69%
53Ijod
68%
25Mnmangan
67%
92Uuran
66%
56Babar
64%
54Xeksenon
64%
80Hgrtęć
62%
82Pbołów
58%
24Crchrom
57%
22Titytan
57%
36Krkrypton
54%
32Gegerman
53%
28Ninikiel
53%
78Ptplatyna
53%
31Gagal
51%
27Cokobalt
50%
95Amameryk
49%
55Cscez
49%
112Cnkopernik
49%
99Eseinstein
48%
23Vwanad
48%
87Frfrans
47%
93Npneptun
47%
94Pupluton
47%
33Asarsen
46%
34Seselen
46%
37Rbrubid
45%
74Wwolfram
43%
89Acaktyn
42%
39Yitr
42%
57Lalantan
42%
86Rnradon
42%
63Eueurop
41%
38Srstront
40%
83Bibizmut
38%
21Scskand
38%
46Pdpallad
37%
48Cdkadm
35%
52Tetellur
35%
90Thtor
35%
42Momolibden
34%
118Ogoganes
34%
51Sbantymon
33%
77Iriryd
32%
76Ososm
32%
85Atastat
31%
49Inind
31%
96Cmkiur
31%
101Mdmendelew
31%
102Nonobel
31%
75Reren
30%
45Rhrod
30%
40Zrcyrkon
29%
115Mcmoskow
29%
41Nbniob
29%
73Tatantal
29%
43Tctechnet
28%
98Cfkaliforn
27%
44Ruruten
27%
107Bhbohr
26%
58Cecer
26%
72Hfhafn
25%
60Ndneodym
24%
104Rfrutherford
24%
68Ererb
23%
70Ybiterb
23%
91Paprotaktyn
23%
111Rgroentgen
23%
105Dbdubn
22%
108Hshas
22%
103Lrlorens
22%
71Lulutet
22%
59Prprazeodym
22%
110Dsdarmsztadt
21%
106Sgseaborg
21%
117Tstenes
21%
65Tbterb
21%
97Bkberkel
20%
64Gdgadolin
20%
113Nhnihon
20%
61Pmpromet
20%
69Tmtul
20%
67Hoholm
19%
116Lvliwermor
19%
100Fmferm
18%
62Smsamar
18%
66Dydysproz
17%
114Flflerow
17%
109Mtmeitner
17%

Rozkład punktacji

Percentyl według liczby udzielonych odpowiedzi

Procent ludzi z każdym wynikiem

Twoja historia wyników

Nie rozwiązałeś tego quizu